|
|
|
|
| LEADER |
01614nam a2200313 a 4500 |
| 001 |
959 |
| 003 |
BD-DhAAL |
| 008 |
090902t1973 xxu||||| b||| 001 0 eng d |
| 999 |
|
|
|c 3530
|d 3530
|
| 010 |
|
|
|a \\\73086583
|
| 040 |
|
|
|a DLC
|c DLC
|d DLC
|d BD-DhAAL
|
| 082 |
0 |
0 |
|a 370.19346
|2 18
|
| 100 |
1 |
|
|a Coombs, Philip H.
|q (Philip Hall),
|d 1915-2006.
|9 35689
|
| 245 |
1 |
0 |
|a New paths to learning for rural children and youth /
|c by Philip H. Coombs, with Roy C. Prosser and Manzoor Ahmed. Prepared for UNICEF by International Council for Educational Development.
|
| 260 |
|
|
|a New York :
|b International Council for Educational Development,
|c 1973
|
| 300 |
|
|
|a x, 133 pages ;
|c 22 cm.
|
| 500 |
|
|
|a At head of title: Nonformal education for rural development.
|
| 504 |
|
|
|a Includes bibliographical references (pages 118-120) and index.
|
| 526 |
|
|
|a BIED
|
| 541 |
1 |
|
|a Complimentary copy from BIED
|e 959, 36318
|
| 650 |
|
0 |
|a Education, Rural.
|9 35690
|
| 700 |
1 |
|
|a Prosser, Roy.
|9 35691
|
| 700 |
1 |
|
|a Ahmed, Manzoor,
|d 1940-
|9 35692
|
| 710 |
2 |
|
|a UNICEF.
|9 35693
|
| 710 |
2 |
|
|a International Council for Educational Development.
|9 35694
|
| 852 |
4 |
|
|a Ayesha Abed Library
|j BIED Collection
|
| 942 |
|
|
|2 ddc
|c BK
|
| 952 |
|
|
|0 0
|1 0
|2 ddc
|4 0
|6 370_193460000000000_COO
|7 0
|9 3204
|a BRACUL
|b BRACUL
|c GEN
|d 2009-09-02
|g 0.00
|l 0
|o 370.19346 COO
|p 3010000959
|r 2009-09-02
|t 1
|w 2009-09-02
|y BK
|x No price found in the accession register.
|
| 952 |
|
|
|0 0
|1 0
|2 ddc
|4 0
|6 370_193460000000000_COO
|7 0
|9 66605
|a BRACUL
|b BRACUL
|c GEN
|d 2019-09-30
|e Complimentary copy from BIED
|l 0
|o 370.19346 COO
|p 3010036318
|r 2019-09-30
|t 2
|w 2019-09-30
|y BK
|x Transferred from BIED to General Stacks
|